Musas lejanas: el cantar de Roldán
Guardado en:
| Format: | Bog |
|---|---|
| Sprog: | Spanish |
| Udgivet: |
Madrid, España
Revista de Occidente
1963
|
| Udgivelse: | 4 |
| Fag: | |
| Tags: |
Tilføj Tag
Ingen Tags, Vær først til at tagge denne postø!
|
MARC
| LEADER | 00000nam a2200000Ia 4500 | ||
|---|---|---|---|
| 008 | 170316s9999 xx 000 0 spa d | ||
| 040 | |a cru BVZT | ||
| 090 | |a 862 M-63m | ||
| 245 | |a Musas lejanas: el cantar de Roldán | ||
| 250 | |a 4 | ||
| 260 | |a Madrid, España | ||
| 260 | |b Revista de Occidente | ||
| 260 | |c 1963 | ||
| 300 | |a 175 páginas | ||
| 650 | |a LITERATURA ESPAÑOLA |9 23 | ||
| 999 | |c 25617 |d 25617 | ||
| 942 | |c 15 D |h 862 M-63m |2 z | ||
